Score 0/26 Timer 03:00
0 Plays Today
% Correct
The Hunchback
97.6%
The Phantom
97.5%
A Tale
97.4%
The Wonderful Wizard
97%
The Fellowship
95.6%
Lord
95.5%
The Count
95.5%
The Grapes
95.4%
The Last
95.2%
Adventures
94.8%
The War
94.2%
The Merchant
93.9%
Anne
93.5%
% Correct
Death
93.5%
The Importance
93.5%
The Taming
93.2%
East
92.3%
The Hound
92.2%
The Call
92%
Strange Case
90.5%
One Hundred Years
90%
The Picture
89.5%
The Red Badge
88.6%
Heart
88.1%
Tess
85.9%
The Turn
84.3%
Remove Ads.
Support Sporcle.
Get the best of Sporcle when you Go Orange. This ad-free experience offers more features, more stats, and more fun while also helping to support Sporcle. Thank you for becoming a member.

You're not logged in!

Compare scores with friends on all Sporcle quizzes.
OR
Log In

Show Comments

Extras

Top Quizzes Today


Score Distribution

Your Account Isn't Verified!

In order to create a playlist on Sporcle, you need to verify the email address you used during registration. Go to your Sporcle Settings to finish the process.

Report this User

Report this user for behavior that violates our Community Guidelines.

Details: